Личностное и коммуникативное развитие младшего школьника на основе обучения иноязычному общению; Вестник Томского государственного педагогического университета; № 9

Dettagli Bibliografici
Parent link:Вестник Томского государственного педагогического университета/ Томский государственный педагогический университет (ТГПУ).— , 1997-
№ 9.— 2009.— [С. 78-81]
Autore principale: Тарасова Л. В. Лилия Викторовна
Riassunto:Заглавие с экрана
В работе рассматривается уровень коммуникативного, психологического и личностного развития детей младшего школьного возраста и делается вывод о возможности формирования готовности к межкультурному иноязычному общению. Овладение иностранным языком на начальной ступени можно квалифицировать как овладение компонентом общей культуры, с помощью которой школьник приобщается как к культуре страны изучаемого языка, так и к мировой культуре.
The article considers the level of communicative, psychological and personal development of pupils of primary school age and draws a conclusion about the possibility of formation of readiness to intercultural foreign language communication. Foreign language acquirement on the early stage could be classified as the general culture part mastering which will help schoolchildren to join the culture of the country of the learned language as well as the world culture.
Режим доступа: по договору с организацией-держателем ресурса
Lingua:russo
Pubblicazione: 2009
Soggetti:
Accesso online:http://vestnik.tspu.edu.ru/archive.html?year=2009&issue=9&article_id=1962
http://elibrary.ru/item.asp?id=13026495
Natura: MixedMaterials Elettronico Capitolo di libro
KOHA link:https://koha.lib.tpu.ru/cgi-bin/koha/opac-detail.pl?biblionumber=639261

MARC

LEADER 00000naa0a2200000 4500
001 639261
005 20250213113353.0
035 |a (RuTPU)RU\TPU\network\3712 
035 |a RU\TPU\network\3710 
090 |a 639261 
100 |a 20150302d2009 k||y0rusy50 ca 
101 0 |a rus 
102 |a RU 
135 |a drcn ---uucaa 
181 0 |a i  
182 0 |a b 
200 1 |a Личностное и коммуникативное развитие младшего школьника на основе обучения иноязычному общению  |d Personal and communicative development of a pupil of primary school on the basis of foreign language communication teaching  |f Л. В. Тарасова 
203 |a Текст  |c электронный 
300 |a Заглавие с экрана 
320 |a [Библиогр.: с. 81 (8 назв.)] 
330 |a В работе рассматривается уровень коммуникативного, психологического и личностного развития детей младшего школьного возраста и делается вывод о возможности формирования готовности к межкультурному иноязычному общению. Овладение иностранным языком на начальной ступени можно квалифицировать как овладение компонентом общей культуры, с помощью которой школьник приобщается как к культуре страны изучаемого языка, так и к мировой культуре. 
330 |a The article considers the level of communicative, psychological and personal development of pupils of primary school age and draws a conclusion about the possibility of formation of readiness to intercultural foreign language communication. Foreign language acquirement on the early stage could be classified as the general culture part mastering which will help schoolchildren to join the culture of the country of the learned language as well as the world culture. 
333 |a Режим доступа: по договору с организацией-держателем ресурса 
461 |t Вестник Томского государственного педагогического университета  |f Томский государственный педагогический университет (ТГПУ)  |d 1997- 
463 |t № 9  |v [С. 78-81]  |d 2009 
610 1 |a электронный ресурс 
610 1 |a труды учёных ТПУ 
610 1 |a педагогический потенциал фольклорных традиций 
610 1 |a образование 
610 1 |a этнокультурное образовательное пространство региона 
610 1 |a этнопедагогическая компетентность педагога по фольклорной деятельности 
610 1 |a pedagogical potential of folk traditions 
610 1 |a regionalization of education 
610 1 |a ethnical and cultural educational area of the region 
610 1 |a ethnical and pedagogical competence of a folk activity teacher 
610 1 |a регионализация 
700 1 |a Тарасова  |b Л. В.  |c лингвист  |c доцент Томского политехнического университет, кандидат педагогических наук  |f 1961-  |g Лилия Викторовна  |3 (RuTPU)RU\TPU\pers\26951 
801 2 |a RU  |b 63413507  |c 20160226  |g RCR 
856 4 |u http://vestnik.tspu.edu.ru/archive.html?year=2009&issue=9&article_id=1962 
856 4 |u http://elibrary.ru/item.asp?id=13026495 
942 |c CF